000
00308nam a22001337a 4500
020
_a
978-1407-10499-7
082
_a
823
_b
NIC/W
100
_a
NICHILLS, SALLY
245
_a
WAYS TO LIVE FOREVER
260
_a
LONDON
_b
MARION LLYOD BOOKS
_c
2008
300
_a
200
650
_a
NOVEL
_z
UNITED KINGDOM
942
_c
BK
999
_c
3621
_d
3621